[Event "Benidorm Satellite preliminary"]
[Site "playchess.com #007036"]
[Date "2009.10.24"]
[Round "2"]
[White "JS_Mastropiero"]
[Black "Wethalon"]
[Result "1-0"]
[WhiteElo "1887"]
[BlackElo "2472"]
[PlyCount "91"]
[EventDate "2009.10.24"]
[EventType "swiss (blitz)"]

1. c4 {[%emt 0:00:02]} c5 {[%emt 0:00:04]} 2. Nf3 {[%emt 0:00:03]} e6 {[%emt 0:
00:01]} 3. d4 {[%emt 0:00:03]} cxd4 {[%emt 0:00:01]} 4. Nxd4 {[%emt 0:00:01]}
a6 {[%emt 0:00:01]} 5. Nc3 {[%emt 0:00:02]} Nf6 {[%emt 0:00:01]} 6. e4 {[%emt
0:00:04]} Qc7 {[%emt 0:00:01]} 7. a3 {[%emt 0:00:04]} Nc6 {[%emt 0:00:02]} 8.
Be2 {[%emt 0:00:04]} h5 {[%emt 0:00:03]} 9. h3 {[%emt 0:00:12]} Ne5 {[%emt 0:
00:03]} 10. Be3 {[%emt 0:00:15]} Ng6 {[%emt 0:00:04]} 11. Qd2 {[%emt 0:00:06]}
b6 {[%emt 0:00:04]} 12. O-O {[%emt 0:00:26]} Bb7 {[%emt 0:00:02]} 13. Bd3 {
[%emt 0:00:01]} Be7 {[%emt 0:00:55]} 14. Rac1 {[%emt 0:00:04]} Rd8 {[%emt 0:00:
04]} 15. b4 {[%emt 0:00:06]} h4 {[%emt 0:00:08]} 16. Rfe1 {[%emt 0:00:25]} Bd6
{[%emt 0:00:10]} 17. Nb3 {[%emt 0:00:05]} Bf4 {[%emt 0:00:26]} 18. Na4 {[%emt
0:00:06]} Rb8 {[%emt 0:00:09]} 19. Bxb6 {[%emt 0:00:26]} Qe5 {[%emt 0:00:27]}
20. Be3 {[%emt 0:00:06]} Qg5 {[%emt 0:00:03]} 21. Nac5 {[%emt 0:00:11]} Bc6 {
[%emt 0:00:16]} 22. Nd4 {[%emt 0:00:06]} a5 {[%emt 0:00:18]} 23. Nxc6 {[%emt 0:
00:04]} dxc6 {[%emt 0:00:01]} 24. e5 {[%emt 0:00:14]} Bxe3 {[%emt 0:00:20]} 25.
Qxe3 {[%emt 0:00:11] .} Nf4 {[%emt 0:00:01]} 26. Qf3 {[%emt 0:00:06]} N6h5 {
[%emt 0:00:03]} 27. Qxc6+ {[%emt 0:00:09]} Ke7 {[%emt 0:00:02]} 28. Qd6+ {
[%emt 0:00:03]} Ke8 {[%emt 0:00:01]} 29. Qxb8+ {[%emt 0:00:01]} Ke7 {[%emt 0:
00:00]} 30. Qd6+ {[%emt 0:00:01]} Ke8 {[%emt 0:00:00]} 31. Qc6+ {[%emt 0:00:01]
} Kf8 {[%emt 0:00:00]} 32. Kh1 {[%emt 0:00:02]} g6 {[%emt 0:00:01]} 33. Bf1 {
[%emt 0:00:04]} axb4 {[%emt 0:00:01]} 34. axb4 {[%emt 0:00:02]} Kg7 {[%emt 0:
00:00]} 35. Ne4 {[%emt 0:00:02]} Qf5 {[%emt 0:00:01]} 36. Nf6 {[%emt 0:00:01]}
Nxf6 {[%emt 0:00:01]} 37. exf6+ {[%emt 0:00:01]} Kxf6 {[%emt 0:00:00]} 38. Qe4
{[%emt 0:00:01]} Qg5 {[%emt 0:00:01]} 39. b5 {[%emt 0:00:02]} Rd8 {[%emt 0:00:
01]} 40. Rcd1 {[%emt 0:00:02]} Rxd1 {[%emt 0:00:02]} 41. Rxd1 {[%emt 0:00:01]}
Kg7 {[%emt 0:00:00]} 42. Qd4+ {[%emt 0:00:02]} e5 {[%emt 0:00:01]} 43. Qe4 {
[%emt 0:00:01]} Ne6 {[%emt 0:00:01]} 44. b6 {[%emt 0:00:02]} Nc5 {[%emt 0:00:
01]} 45. Qd5 {[%emt 0:00:01]} Qh5 {[%emt 0:00:01]} 46. Re1 {[%emt 0:00:02]
Wethalon resigns} 1-0

[Event "Benidorm Satellite preliminary"]
[Site "playchess.com #007036"]
[Date "2009.10.24"]
[Round "2"]
[White "Juraldo"]
[Black "David Lynch"]
[Result "1-0"]
[WhiteElo "2665"]
[BlackElo "2081"]
[PlyCount "97"]
[EventDate "2009.10.24"]
[EventType "swiss (blitz)"]

1. e4 {[%emt 0:00:03]} c5 {[%emt 0:00:01]} 2. c3 {[%emt 0:00:03]} Nf6 {[%emt 0:
00:02]} 3. e5 {[%emt 0:00:01]} Nd5 {[%emt 0:00:01]} 4. d4 {[%emt 0:00:03]} cxd4
{[%emt 0:00:00]} 5. Nf3 {[%emt 0:00:03]} Nc6 {[%emt 0:00:01]} 6. Bc4 {[%emt 0:
00:02]} Nb6 {[%emt 0:00:01]} 7. Bb3 {[%emt 0:00:01]} d6 {[%emt 0:00:01]} 8.
exd6 {[%emt 0:00:07]} e6 {[%emt 0:00:04]} 9. cxd4 {[%emt 0:00:11]} Bxd6 {[%emt
0:00:01]} 10. O-O {[%emt 0:00:01]} O-O {[%emt 0:00:01]} 11. Nc3 {[%emt 0:00:01]
} Ne7 {[%emt 0:00:02]} 12. Ne5 {[%emt 0:00:09]} Ned5 {[%emt 0:00:11]} 13. Ne4 {
[%emt 0:00:03]} a5 {[%emt 0:00:09]} 14. Qh5 {[%emt 0:00:12]} Nf6 {[%emt 0:00:
11]} 15. Nxf6+ {[%emt 0:00:03]} Qxf6 {[%emt 0:00:04]} 16. Bc2 {[%emt 0:00:12]}
g6 {[%emt 0:00:02]} 17. Qe2 {[%emt 0:01:07]} Nd7 {[%emt 0:00:09]} 18. Ng4 {
[%emt 0:00:03]} Qd8 {[%emt 0:00:08]} 19. Bh6 {[%emt 0:00:04]} Re8 {[%emt 0:00:
02]} 20. Ba4 {[%emt 0:00:06]} f5 {[%emt 0:00:32]} 21. Ne5 {[%emt 0:00:04]} Re7
{[%emt 0:00:14]} 22. Bg5 {[%emt 0:00:03]} Nb6 {[%emt 0:00:10]} 23. Bb5 {[%emt
0:00:08]} Nd5 {[%emt 0:00:05]} 24. Rac1 {[%emt 0:00:05]} a4 {[%emt 0:00:15]}
25. Rfe1 {[%emt 0:00:12]} a3 {[%emt 0:00:04]} 26. bxa3 {[%emt 0:00:02]} Rxa3 {
[%emt 0:00:07]} 27. Bc4 {[%emt 0:00:13]} Bb4 {[%emt 0:00:06]} 28. Rf1 {[%emt 0:
00:09]} Nc3 {[%emt 0:00:01]} 29. Qb2 {[%emt 0:00:03]} Qa5 {[%emt 0:00:14]} 30.
Bxe7 {[%emt 0:00:02]} Bxe7 {[%emt 0:00:01]} 31. Bb3 {[%emt 0:00:01]} Bb4 {
[%emt 0:00:06]} 32. Nc4 {[%emt 0:00:01]} Qa6 {[%emt 0:00:10]} 33. Nxa3 {[%emt
0:00:01]} Ne2+ {[%emt 0:00:01]} 34. Kh1 {[%emt 0:00:04]} Bxa3 {[%emt 0:00:01]}
35. Rxc8+ {[%emt 0:00:03]} Kg7 {[%emt 0:00:02]} 36. Qa1 {[%emt 0:00:11]} Bd6 {
[%emt 0:00:16]} 37. Rc2 {[%emt 0:00:06]} Nf4 {[%emt 0:00:04]} 38. g3 {[%emt 0:
00:06]} Nh3 {[%emt 0:00:04]} 39. d5+ {[%emt 0:00:03]} e5 {[%emt 0:00:02]} 40.
Kg2 {[%emt 0:00:00]} Ng5 {[%emt 0:00:02]} 41. h4 {[%emt 0:00:00]} Ne4 {[%emt 0:
00:06]} 42. Re1 {[%emt 0:00:00]} Qd3 {[%emt 0:00:02]} 43. Qd1 {[%emt 0:00:02]}
Qb5 {[%emt 0:00:03]} 44. Rxe4 {[%emt 0:00:01]} fxe4 {[%emt 0:00:01]} 45. Qe2 {
[%emt 0:00:00]} Qd3 {[%emt 0:00:08]} 46. Qxd3 {[%emt 0:00:01]} exd3 {[%emt 0:
00:00]} 47. Rd2 {[%emt 0:00:00]} e4 {[%emt 0:00:01]} 48. f3 {[%emt 0:00:00]}
Bb4 {[%emt 0:00:07]} 49. Rd1 {[%emt 0:00:03] David Lynch rinde} 1-0

[Event "Benidorm Satellite preliminary"]
[Site "playchess.com #007036"]
[Date "2009.10.24"]
[Round "2"]
[White "Daisuke"]
[Black "Alexrules01"]
[Result "1-0"]
[WhiteElo "1808"]
[BlackElo "1603"]
[PlyCount "133"]
[EventDate "2009.10.24"]
[EventType "swiss (blitz)"]

1. Nc3 {[%emt 0:00:01]} c5 {[%emt 0:00:02]} 2. d4 {[%emt 0:00:02]} cxd4 {[%emt
0:00:03]} 3. Qxd4 {[%emt 0:00:01]} Nc6 {[%emt 0:00:00]} 4. Qa4 {[%emt 0:00:01]}
g6 {[%emt 0:00:02]} 5. h4 {[%emt 0:00:01]} Bg7 {[%emt 0:00:01]} 6. h5 {[%emt 0:
00:01]} d6 {[%emt 0:00:05]} 7. hxg6 {[%emt 0:00:01]} f6 {[%emt 0:00:01]} 8.
Rxh7 {[%emt 0:00:05]} Rxh7 {[%emt 0:00:05]} 9. Qb3 {[%emt 0:00:06]} e6 {[%emt
0:00:17]} 10. gxh7 {[%emt 0:00:02]} Nge7 {[%emt 0:00:11]} 11. Bh6 {[%emt 0:00:
07]} Kf7 {[%emt 0:00:05]} 12. Bxg7 {[%emt 0:00:07]} Kxg7 {[%emt 0:00:01]} 13.
Nf3 {[%emt 0:00:07]} Kxh7 {[%emt 0:00:03]} 14. O-O-O {[%emt 0:00:01]} a6 {
[%emt 0:00:50]} 15. e3 {[%emt 0:00:03]} b5 {[%emt 0:00:02]} 16. Bd3+ {[%emt 0:
00:03]} Kg7 {[%emt 0:00:01]} 17. Rh1 {[%emt 0:00:03]} f5 {[%emt 0:00:25]} 18.
Ng5 {[%emt 0:00:02]} Kf6 {[%emt 0:00:14]} 19. f4 {[%emt 0:00:10]} b4 {[%emt 0:
00:12]} 20. Ne2 {[%emt 0:00:03]} Nd5 {[%emt 0:00:01]} 21. Bc4 {[%emt 0:00:06]}
Na5 {[%emt 0:00:33]} 22. Qd3 {[%emt 0:00:06]} Nxc4 {[%emt 0:00:07]} 23. Qxc4 {
[%emt 0:00:02]} Qb6 {[%emt 0:00:17]} 24. Rh7 {[%emt 0:00:21] .} Qxe3+ {[%emt 0:
00:02]} 25. Kd1 {[%emt 0:00:11]} Nxf4 {[%emt 0:00:06]} 26. Qd4+ {[%emt 0:00:06]
} Qxd4+ {[%emt 0:00:02]} 27. Nxd4 {[%emt 0:00:01]} Nd5 {[%emt 0:00:03]} 28.
Ngf3 {[%emt 0:00:04]} Bb7 {[%emt 0:00:03]} 29. Rh6+ {[%emt 0:00:03]} Kg7 {
[%emt 0:00:02]} 30. Rxe6 {[%emt 0:00:01]} Nf4 {[%emt 0:00:03]} 31. Re7+ {[%emt
0:00:02]} Kf6 {[%emt 0:00:01]} 32. Rxb7 {[%emt 0:00:01]} Nxg2 {[%emt 0:00:01]}
33. Rxb4 {[%emt 0:00:03]} Ne3+ {[%emt 0:00:02]} 34. Ke2 {[%emt 0:00:02]} Nd5 {
[%emt 0:00:01]} 35. Rc4 {[%emt 0:00:02]} Rb8 {[%emt 0:00:02]} 36. b3 {[%emt 0:
00:01]} Rh8 {[%emt 0:00:02]} 37. Kd3 {[%emt 0:00:04]} Rh3 {[%emt 0:00:02]} 38.
Rc6 {[%emt 0:00:02]} Ke7 {[%emt 0:00:04]} 39. Nxf5+ {[%emt 0:00:01]} Kf6 {
[%emt 0:00:01]} 40. N5d4 {[%emt 0:00:02]} Nb4+ {[%emt 0:00:04]} 41. Kc4 {[%emt
0:00:02]} Nxc6 {[%emt 0:00:00]} 42. Nxc6 {[%emt 0:00:02]} Rxf3 {[%emt 0:00:01]}
43. Nd4 {[%emt 0:00:01]} Rf4 {[%emt 0:00:02]} 44. Kd3 {[%emt 0:00:01]} Ke5 {
[%emt 0:00:01]} 45. Ne2 {[%emt 0:00:01]} Rf3+ {[%emt 0:00:02]} 46. Kd2 {[%emt
0:00:01]} Kd5 {[%emt 0:00:03]} 47. Nc3+ {[%emt 0:00:01]} Kc6 {[%emt 0:00:03]}
48. Ne4 {[%emt 0:00:01]} Rh3 {[%emt 0:00:02]} 49. c4 {[%emt 0:00:02]} Rh2+ {
[%emt 0:00:01]} 50. Kc3 {[%emt 0:00:01]} Rxa2 {[%emt 0:00:01]} 51. Kb4 {[%emt
0:00:01]} a5+ {[%emt 0:00:02]} 52. Kc3 {[%emt 0:00:01]} Ra3 {[%emt 0:00:01]}
53. Kb2 {[%emt 0:00:02]} d5 {[%emt 0:00:07]} 54. cxd5+ {[%emt 0:00:02]} Kxd5 {
[%emt 0:00:01]} 55. Kxa3 {[%emt 0:00:02]} Kxe4 {[%emt 0:00:01]} 56. Ka4 {[%emt
0:00:00]} Kd4 {[%emt 0:00:01]} 57. Kxa5 {[%emt 0:00:00]} Kc5 {[%emt 0:00:03]}
58. b4+ {[%emt 0:00:03]} Kc6 {[%emt 0:00:01]} 59. Ka6 {[%emt 0:00:00]} Kc7 {
[%emt 0:00:01]} 60. Ka7 {[%emt 0:00:01]} Kc6 {[%emt 0:00:01]} 61. Ka6 {[%emt 0:
00:00]} Kc7 {[%emt 0:00:04]} 62. b5 {[%emt 0:00:01]} Kb8 {[%emt 0:00:01]} 63.
Kb6 {[%emt 0:00:00]} Ka8 {[%emt 0:00:03]} 64. Kc7 {[%emt 0:00:02]} Ka7 {[%emt
0:00:02]} 65. b6+ {[%emt 0:00:01]} Ka8 {[%emt 0:00:01]} 66. b7+ {[%emt 0:00:01]
} Ka7 {[%emt 0:00:01]} 67. b8=Q+ {[%emt 0:00:00] Alexrules01 resigns} 1-0

[Event "Benidorm Satellite preliminary"]
[Site "playchess.com #007036"]
[Date "2009.10.24"]
[Round "2"]
[White "Aage"]
[Black "Tpeter"]
[Result "1-0"]
[WhiteElo "1700"]
[BlackElo "1186"]
[PlyCount "93"]
[EventDate "2009.10.24"]
[EventType "swiss (blitz)"]

1. d4 {[%emt 0:00:01]} e6 {[%emt 0:00:02]} 2. c4 {[%emt 0:00:04]} d5 {[%emt 0:
00:03]} 3. e3 {[%emt 0:00:07]} Nf6 {[%emt 0:00:01]} 4. Nf3 {[%emt 0:00:01]} Nc6
{[%emt 0:00:05]} 5. Nc3 {[%emt 0:00:01]} Bb4 {[%emt 0:00:02]} 6. Bd2 {[%emt 0:
00:03]} dxc4 {[%emt 0:00:09]} 7. Bxc4 {[%emt 0:00:03]} a6 {[%emt 0:00:01]} 8.
O-O {[%emt 0:00:02]} b5 {[%emt 0:00:01]} 9. Be2 {[%emt 0:00:02]} Bb7 {[%emt 0:
00:01]} 10. a3 {[%emt 0:00:02]} Be7 {[%emt 0:00:05]} 11. Rc1 {[%emt 0:00:08]}
O-O {[%emt 0:00:02]} 12. Qc2 {[%emt 0:00:08]} h6 {[%emt 0:00:01]} 13. Ne1 {
[%emt 0:00:06]} e5 {[%emt 0:00:09]} 14. dxe5 {[%emt 0:00:20]} Nxe5 {[%emt 0:00:
02]} 15. Rd1 {[%emt 0:00:13]} Nc4 {[%emt 0:00:08]} 16. Bxc4 {[%emt 0:00:09]}
bxc4 {[%emt 0:00:05]} 17. Bc1 {[%emt 0:00:03]} Qc8 {[%emt 0:00:06]} 18. b3 {
[%emt 0:00:41]} Qg4 {[%emt 0:00:06]} 19. f3 {[%emt 0:00:05]} Qe6 {[%emt 0:00:
08]} 20. b4 {[%emt 0:00:12]} Rfd8 {[%emt 0:00:04]} 21. Ne2 {[%emt 0:00:23]}
Rxd1 {[%emt 0:00:02]} 22. Qxd1 {[%emt 0:00:01]} Rd8 {[%emt 0:00:01]} 23. Qc2 {
[%emt 0:00:01]} Nd5 {[%emt 0:00:17]} 24. Nd4 {[%emt 0:00:02]} Nf6 {[%emt 0:00:
14]} 25. Nxe6 {[%emt 0:00:02]} fxe6 {[%emt 0:00:02]} 26. Qxc4 {[%emt 0:00:07]}
Nd5 {[%emt 0:00:04]} 27. e4 {[%emt 0:00:03]} Nf6 {[%emt 0:00:10]} 28. Qxe6+ {
[%emt 0:00:01]} Kf8 {[%emt 0:00:09]} 29. Bb2 {[%emt 0:00:04]} Rd6 {[%emt 0:00:
08]} 30. Qc4 {[%emt 0:00:05]} Nd7 {[%emt 0:00:14]} 31. Qxc7 {[%emt 0:00:06]}
Bc6 {[%emt 0:00:17]} 32. g3 {[%emt 0:00:02]} Ke8 {[%emt 0:00:09]} 33. Ng2 {
[%emt 0:00:01]} Rd2 {[%emt 0:00:15]} 34. Bxg7 {[%emt 0:00:03]} Rc2 {[%emt 0:00:
07]} 35. Qc8+ {[%emt 0:00:04]} Bd8 {[%emt 0:00:02]} 36. Qxa6 {[%emt 0:00:07]}
Nb8 {[%emt 0:00:07]} 37. Qd3 {[%emt 0:00:02]} Ba4 {[%emt 0:00:08]} 38. Rd1 {
[%emt 0:00:04]} Rc8 {[%emt 0:00:04]} 39. Rd2 {[%emt 0:00:02]} Be7 {[%emt 0:00:
03]} 40. Bxh6 {[%emt 0:00:03]} Rc1+ {[%emt 0:00:02]} 41. Kf2 {[%emt 0:00:02]}
Rc8 {[%emt 0:00:11]} 42. h4 {[%emt 0:00:01]} Bd8 {[%emt 0:00:04]} 43. Bg5 {
[%emt 0:00:02]} Bb6+ {[%emt 0:00:04]} 44. Be3 {[%emt 0:00:03]} Bxe3+ {[%emt 0:
00:03]} 45. Nxe3 {[%emt 0:00:02]} Nc6 {[%emt 0:00:04]} 46. Qd7+ {[%emt 0:00:03]
} Kf8 {[%emt 0:00:03]} 47. Qxc8+ {[%emt 0:00:01] Tpeter resigns} 1-0

[Event "Benidorm Satellite preliminary"]
[Site "playchess.com #007036"]
[Date "2009.10.24"]
[Round "2"]
[White "Lei"]
[Black "Vijayvikram"]
[Result "*"]
[WhiteElo "1382"]
[BlackElo "1743"]
[PlyCount "68"]
[EventDate "2009.10.24"]
[EventType "swiss (blitz)"]
[TimeControl "180+2"]

1. e4 {[%emt 0:00:02]} c5 {[%emt 0:00:01]} 2. Nf3 {[%emt 0:00:01]} d6 {[%emt 0:
00:01]} 3. d4 {[%emt 0:00:01]} cxd4 {[%emt 0:00:00]} 4. Nxd4 {[%emt 0:00:01]}
Nf6 {[%emt 0:00:00]} 5. Nc3 {[%emt 0:00:01]} Nc6 {[%emt 0:00:00]} 6. Be3 {
[%emt 0:00:03]} e6 {[%emt 0:00:01]} 7. Nxc6 {[%emt 0:00:01]} bxc6 {[%emt 0:00:
01]} 8. Bd3 {[%emt 0:00:02]} Be7 {[%emt 0:00:03]} 9. O-O {[%emt 0:00:01]} e5 {
[%emt 0:00:07]} 10. f4 {[%emt 0:00:03]} O-O {[%emt 0:00:10]} 11. f5 {[%emt 0:
00:04]} d5 {[%emt 0:00:08]} 12. Qe1 {[%emt 0:00:11]} d4 {[%emt 0:00:05]} 13.
Bh6 {[%emt 0:00:49]} gxh6 {[%emt 0:00:14]} 14. Ne2 {[%emt 0:00:18]} Kh8 {[%emt
0:00:05]} 15. Rf3 {[%emt 0:00:07]} Rg8 {[%emt 0:00:02]} 16. Rh3 {[%emt 0:00:13]
} h5 {[%emt 0:00:03]} 17. Qd2 {[%emt 0:00:13]} Qf8 {[%emt 0:00:12]} 18. Rf1 {
[%emt 0:00:07]} Rg4 {[%emt 0:00:10]} 19. Ng3 {[%emt 0:00:18]} Qg7 {[%emt 0:00:
11]} 20. Be2 {[%emt 0:00:05]} Nxe4 {[%emt 0:00:10]} 21. Nxe4 {[%emt 0:00:05]}
Rxe4 {[%emt 0:00:10]} 22. Bxh5 {[%emt 0:00:20]} Bg5 {[%emt 0:00:23]} 23. Qd3 {
[%emt 0:00:33]} Re3 {[%emt 0:00:09]} 24. Qc4 {[%emt 0:00:05]} Rxh3 {[%emt 0:00:
13] '} 25. Bxf7 {[%emt 0:00:06]} Be3+ {[%emt 0:00:23]} 26. Kh1 {[%emt 0:00:01]}
Rh4 {[%emt 0:00:17]} 27. Qxc6 {[%emt 0:00:01]} Rb8 {[%emt 0:00:08]} 28. f6 {
[%emt 0:00:01]} (28. Qe8+ Qg8 29. Qxg8#) 28... Qf8 {[%emt 0:00:07]} 29. Qd5 {
[%emt 0:00:03]} Bb7 {[%emt 0:00:02]} 30. Qxe5 {[%emt 0:00:02]} Rg4 {[%emt 0:00:
13]} 31. Rf3 {[%emt 0:00:03]} Bxf3 {[%emt 0:00:03]} 32. Bg6 {[%emt 0:00:03]}
Rxg6 {[%emt 0:00:02]} 33. f7+ {[%emt 0:00:01]} Rg7 {[%emt 0:00:02]} 34. Qf6 {
[%emt 0:00:02]} Bxg2# {[%emt 0:00:02] (Lag: Av=0.96s, max=2.1s) 0-1} *

[Event "Benidorm Satellite preliminary"]
[Site "playchess.com #007036"]
[Date "2009.10.24"]
[Round "2"]
[White "Chesstiger9"]
[Black "Bobby Short"]
[Result "1-0"]
[WhiteElo "2080"]
[BlackElo "1414"]
[PlyCount "63"]
[EventDate "2009.10.24"]
[EventType "swiss (blitz)"]

1. d4 {[%emt 0:00:01]} d5 {[%emt 0:01:23]} 2. Nf3 {[%emt 0:00:02]} Bf5 {[%emt
0:00:02]} 3. e3 {[%emt 0:00:01]} e6 {[%emt 0:00:02]} 4. Bd3 {[%emt 0:00:01]}
Bxd3 {[%emt 0:00:03]} 5. Qxd3 {[%emt 0:00:01]} Bd6 {[%emt 0:00:02]} 6. Qb5+ {
[%emt 0:00:01]} Nd7 {[%emt 0:00:10]} 7. Qxb7 {[%emt 0:00:01]} a5 {[%emt 0:00:
06]} 8. Qb3 {[%emt 0:00:03]} Ngf6 {[%emt 0:00:04]} 9. c4 {[%emt 0:00:01]} dxc4
{[%emt 0:00:03]} 10. Qxc4 {[%emt 0:00:01]} Nd5 {[%emt 0:00:03]} 11. O-O {[%emt
0:00:02]} O-O {[%emt 0:00:04]} 12. a3 {[%emt 0:00:02]} N7b6 {[%emt 0:00:02]}
13. Qe2 {[%emt 0:00:01]} c5 {[%emt 0:00:03]} 14. e4 {[%emt 0:00:02]} Nc7 {
[%emt 0:00:07]} 15. e5 {[%emt 0:00:01]} Be7 {[%emt 0:00:02]} 16. Rd1 {[%emt 0:
00:02]} cxd4 {[%emt 0:00:02]} 17. Rxd4 {[%emt 0:00:02]} Qb8 {[%emt 0:00:03]}
18. Nc3 {[%emt 0:00:03]} Bc5 {[%emt 0:00:03]} 19. Rg4 {[%emt 0:00:02]} g6 {
[%emt 0:00:04]} 20. Bg5 {[%emt 0:00:02]} Ncd5 {[%emt 0:00:03]} 21. Nxd5 {[%emt
0:00:02]} Nxd5 {[%emt 0:00:02]} 22. Bf6 {[%emt 0:00:02]} Qa7 {[%emt 0:00:23]}
23. Rh4 {[%emt 0:00:02]} Nxf6 {[%emt 0:00:07]} 24. exf6 {[%emt 0:00:01]} Qb6 {
[%emt 0:00:04]} 25. Qd2 {[%emt 0:00:09]} e5 {[%emt 0:00:03]} 26. Qg5 {[%emt 0:
00:18]} Bxf2+ {[%emt 0:00:06]} 27. Kh1 {[%emt 0:00:03]} Bxh4 {[%emt 0:00:01]}
28. Nxh4 {[%emt 0:00:03]} Rfc8 {[%emt 0:00:27]} 29. Rf1 {[%emt 0:00:03]} Qd6 {
[%emt 0:00:04]} 30. Nf5 {[%emt 0:00:06]} Rc2 {[%emt 0:00:07]} 31. Nxd6 {[%emt
0:00:02]} e4 {[%emt 0:00:03]} 32. Qh6 {[%emt 0:00:01] Bobby Short gibt auf} 1-0

[Event "Benidorm Satellite preliminary"]
[Site "playchess.com #007036"]
[Date "2009.10.24"]
[Round "2"]
[White "Tuptus"]
[Black "chess-vador"]
[Result "1-0"]
[WhiteElo "1595"]
[BlackElo "1805"]
[PlyCount "85"]
[EventDate "2009.10.24"]
[EventType "swiss (blitz)"]

1. d4 {[%emt 0:00:01]} Nf6 {[%emt 0:00:02]} 2. c4 {[%emt 0:00:00]} g6 {[%emt 0:
00:02]} 3. Nc3 {[%emt 0:00:01]} Bg7 {[%emt 0:00:01]} 4. e4 {[%emt 0:00:01]} O-O
{[%emt 0:00:01]} 5. Nf3 {[%emt 0:00:01]} d6 {[%emt 0:00:02]} 6. h3 {[%emt 0:00:
00]} Na6 {[%emt 0:00:02]} 7. Be3 {[%emt 0:00:04]} c5 {[%emt 0:00:09]} 8. d5 {
[%emt 0:00:04]} e6 {[%emt 0:00:04]} 9. Bd3 {[%emt 0:00:04]} exd5 {[%emt 0:00:
08]} 10. cxd5 {[%emt 0:00:02]} Re8 {[%emt 0:00:02]} 11. Bxa6 {[%emt 0:00:10]}
bxa6 {[%emt 0:00:02]} 12. Qc2 {[%emt 0:00:01]} Nxe4 {[%emt 0:00:30]} 13. Nxe4 {
[%emt 0:00:16]} f5 {[%emt 0:00:01]} 14. Nxd6 {[%emt 0:00:23]} Qxd6 {[%emt 0:00:
04]} 15. O-O {[%emt 0:00:03]} Qxd5 {[%emt 0:00:06]} 16. Rfd1 {[%emt 0:00:15]}
Qb7 {[%emt 0:00:10]} 17. Bxc5 {[%emt 0:00:24]} Qxb2 {[%emt 0:00:11]} 18. Qa4 {
[%emt 0:00:15]} Be6 {[%emt 0:00:19]} 19. Rab1 {[%emt 0:00:39]} Qxa2 {[%emt 0:
00:12]} 20. Qxa2 {[%emt 0:00:14]} Bxa2 {[%emt 0:00:00]} 21. Rb7 {[%emt 0:00:02]
} Rad8 {[%emt 0:00:23]} 22. Rxd8 {[%emt 0:00:21]} Rxd8 {[%emt 0:00:00]} 23.
Rxa7 {[%emt 0:00:01]} Bc4 {[%emt 0:00:07]} 24. Ng5 {[%emt 0:00:10]} h6 {[%emt
0:00:09]} 25. Nf3 {[%emt 0:00:02]} Bb5 {[%emt 0:00:18]} 26. Bb4 {[%emt 0:00:10]
} Be2 {[%emt 0:00:09]} 27. Nd2 {[%emt 0:00:05]} Bd4 {[%emt 0:00:10] '} 28. Rc7
{[%emt 0:00:04]} Be5 {[%emt 0:00:09]} 29. Re7 {[%emt 0:00:04]} Bf4 {[%emt 0:00:
03]} 30. Rxe2 {[%emt 0:00:01]} Rd4 {[%emt 0:00:06]} 31. Bc3 {[%emt 0:00:01]}
Rd3 {[%emt 0:00:01]} 32. Bb4 {[%emt 0:00:01]} Rd4 {[%emt 0:00:01]} 33. Ba5 {
[%emt 0:00:01] chess-vador propose la nulle} Rd5 {[%emt 0:00:03]} 34. Nb3 {
[%emt 0:00:01]} Rb5 {[%emt 0:00:01]} 35. Rb2 {[%emt 0:00:04]} Be5 {[%emt 0:00:
12]} 36. Rb1 {[%emt 0:00:01]} Kf7 {[%emt 0:00:01]} 37. Be1 {[%emt 0:00:03]} Ke6
{[%emt 0:00:05]} 38. Nd2 {[%emt 0:00:01]} Rd5 {[%emt 0:00:04]} 39. Nf3 {[%emt
0:00:01]} Bc7 {[%emt 0:00:05]} 40. Rb7 {[%emt 0:00:01]} Kd6 {[%emt 0:00:03]}
41. Kh2 {[%emt 0:00:01]} Rd1 {[%emt 0:00:02]} 42. Rb2 {[%emt 0:00:02]} Kc5+ {
[%emt 0:00:03]} 43. g3 {[%emt 0:00:03] Temps} 1-0

[Event "Benidorm Satellite preliminary"]
[Site "playchess.com #007036"]
[Date "2009.10.24"]
[Round "2"]
[White "Tackiness"]
[Black "Baby Animals"]
[Result "1/2-1/2"]
[WhiteElo "1620"]
[BlackElo "1826"]
[PlyCount "113"]
[EventDate "2009.10.24"]
[EventType "swiss (blitz)"]

1. d4 {[%emt 0:00:05]} e6 {[%emt 0:00:01]} 2. Nf3 {[%emt 0:00:03]} d6 {[%emt 0:
00:00]} 3. h3 {[%emt 0:00:03]} Ne7 {[%emt 0:00:00]} 4. Bf4 {[%emt 0:00:02]} Nd7
{[%emt 0:00:00]} 5. e3 {[%emt 0:00:01]} Ng6 {[%emt 0:00:01]} 6. Bh2 {[%emt 0:
00:02]} Be7 {[%emt 0:00:00]} 7. Be2 {[%emt 0:00:01]} a6 {[%emt 0:00:00]} 8. O-O
{[%emt 0:00:01]} O-O {[%emt 0:00:00]} 9. c4 {[%emt 0:00:01]} f5 {[%emt 0:00:00]
} 10. Nc3 {[%emt 0:00:04]} f4 {[%emt 0:00:01]} 11. e4 {[%emt 0:00:02]} e5 {
[%emt 0:00:01]} 12. dxe5 {[%emt 0:00:20]} Ndxe5 {[%emt 0:00:02]} 13. Nd5 {
[%emt 0:00:10]} Nxf3+ {[%emt 0:00:02]} 14. Bxf3 {[%emt 0:00:02]} Ne5 {[%emt 0:
00:04]} 15. Qb3 {[%emt 0:00:23]} Kh8 {[%emt 0:00:03]} 16. Nxf4 {[%emt 0:00:04]}
Nxf3+ {[%emt 0:00:11]} 17. gxf3 {[%emt 0:00:03]} Bg5 {[%emt 0:00:04]} 18. Ng2 {
[%emt 0:00:09]} Bxh3 {[%emt 0:00:07]} 19. f4 {[%emt 0:00:07]} Bxg2 {[%emt 0:00:
04]} 20. Kxg2 {[%emt 0:00:01]} Bxf4 {[%emt 0:00:01]} 21. Bxf4 {[%emt 0:00:01]}
Rxf4 {[%emt 0:00:01]} 22. Qg3 {[%emt 0:00:01]} Rxe4 {[%emt 0:00:05]} 23. b3 {
[%emt 0:00:06]} Re5 {[%emt 0:00:02]} 24. f4 {[%emt 0:00:03]} Re2+ {[%emt 0:00:
03]} 25. Kf3 {[%emt 0:00:01]} Qe7 {[%emt 0:00:03]} 26. Rae1 {[%emt 0:00:05]}
Qe4+ {[%emt 0:00:09]} 27. Kg4 {[%emt 0:00:02]} g6 {[%emt 0:00:24]} 28. Rxe2 {
[%emt 0:00:20]} Qxe2+ {[%emt 0:00:01]} 29. Qf3 {[%emt 0:00:00]} Qe6+ {[%emt 0:
00:03]} 30. Kg3 {[%emt 0:00:02]} c6 {[%emt 0:00:05]} 31. Qc3+ {[%emt 0:00:05]}
Kg8 {[%emt 0:00:01]} 32. Re1 {[%emt 0:00:01]} Qf7 {[%emt 0:00:08]} 33. Qb4 {
[%emt 0:00:06]} d5 {[%emt 0:00:05]} 34. Re7 {[%emt 0:00:07]} Qf5 {[%emt 0:00:
21]} 35. Qxb7 {[%emt 0:00:10]} Qd3+ {[%emt 0:00:01]} 36. Kh2 {[%emt 0:00:14]}
Qc2+ {[%emt 0:00:07]} 37. Kh1 {[%emt 0:00:04]} Qc1+ {[%emt 0:00:06]} 38. Kg2 {
[%emt 0:00:03]} Qc2+ {[%emt 0:00:02]} 39. Kf3 {[%emt 0:00:01]} Qd1+ {[%emt 0:
00:08]} 40. Kg2 {[%emt 0:00:11] Tackiness doet een remise aanbod} Qg4+ {[%emt
0:00:05]} 41. Kh1 {[%emt 0:00:04]} Qh4+ {[%emt 0:00:02]} 42. Kg2 {[%emt 0:00:
01]} Qg4+ {[%emt 0:00:06]} 43. Kh1 {[%emt 0:00:02]} Qf3+ {[%emt 0:00:01]} 44.
Kg1 {[%emt 0:00:03]} Qd1+ {[%emt 0:00:14]} 45. Kh2 {[%emt 0:00:03]} Qd2+ {
[%emt 0:00:04]} 46. Kh1 {[%emt 0:00:01]} Qc1+ {[%emt 0:00:03]} 47. Kg2 {[%emt
0:00:02]} Qb2+ {[%emt 0:00:08]} 48. Kf3 {[%emt 0:00:12]} Rf8 {[%emt 0:00:01]}
49. Rxh7 {[%emt 0:00:16]} Qc3+ {[%emt 0:00:05]} 50. Kg4 {[%emt 0:00:06]} Qf6 {
[%emt 0:00:05]} 51. Qc7 {[%emt 0:00:19]} Qf5+ {[%emt 0:00:06]} 52. Kg3 {[%emt
0:00:02]} Qd3+ {[%emt 0:00:07]} 53. Kg4 {[%emt 0:00:01]} Qf5+ {[%emt 0:00:13] '
} 54. Kg3 {[%emt 0:00:01]} Qf6 {[%emt 0:00:01]} 55. Kg4 {[%emt 0:00:02]} Qe6+ {
[%emt 0:00:08]} 56. Kg3 {[%emt 0:00:01]} Qf6 {[%emt 0:00:05]} 57. Kg4 {[%emt 0:
00:01]} 1/2-1/2